[Event "Tenerife-chT Segunda"]
[Site "Tenerife"]
[Date "2023.05.20"]
[Round "14"]
[White "Barbero Alsina, Hugo"]
[Black "Portero Rodriguez, Diego"]
[Result "0-1"]
[WhiteElo "1130"]
[BlackElo "1391"]
[PlyCount "112"]
[EventDate "2023.01.14"]
[EventType "team-tourn"]
[EventRounds "14"]
[EventCountry "ESP"]
[SourceTitle "EXT 2024"]
[Source "ChessBase"]
[SourceDate "2023.10.10"]
[SourceVersion "1"]
[SourceVersionDate "2023.10.10"]
[SourceQuality "1"]
[WhiteTeam "Fundacion La Caja de Canarias II"]
[BlackTeam "Santa Ursula Badnor"]
[WhiteTeamCountry "ESP"]
[BlackTeamCountry "ESP"]

1. Nf3 d5 2. b3 Nf6 3. Bb2 Nc6 4. d4 Bf5 5. a3 e6 6. e3 Bd6 7. Be2 0-0 8. 0-0 Re8 9. c4 Qd7 10. Nbd2 a5 11. c5 Be7 12. Bb5 Bg4 13. h3 Bxf3 14. Nxf3 Qd8 15. Bxc6 bxc6 16. Ne5 Ra6 17. Qd3 Qa8 18. b4 Rb8 19. Bc3 Ne4 20. Rfb1 f6 21. Nxc6 Rxc6 22. b5 Nxc5 23. dxc5 Rxc5 24. Bd4 Rc4 25. Rb3 Bd6 26. Rab1 a4 27. Rc3 Rxc3 28. Qxc3 Qb7 29. Qc2 Bxa3 30. Qxa4 Bd6 31. b6 e5 32. Bc3 cxb6 33. Ba5 Qc8 34. Rb5 bxa5 35. Rxb8 Qxb8 36. Qxa5 d4 37. exd4 exd4 38. g3 h6 39. Qd5+ Kh8 40. Qxd4 Be5 41. Qe3 Qb1+ 42. Kg2 Qd1 43. f4 Qd5+ 44. Kf1 Bd4 45. Qd3 Qh1+ 46. Ke2 Qg2+ 47. Kd1 Qg1+ 48. Kd2 Qf2+ 49. Kd1 Qe3 50. Qxe3 Bxe3 51. f5 h5 52. Ke2 Bd4 53. Kf3 Kh7 54. g4 Kh6 55. h4 Be5 56. gxh5 Kxh5 0-1

[Event "Tenerife-chT Segunda"]
[Site "Tenerife"]
[Date "2023.05.13"]
[Round "13"]
[White "Calvo Nobrega, Joaquin Manuel"]
[Black "Portero Rodriguez, Diego"]
[Result "0-1"]
[WhiteElo "1598"]
[BlackElo "1391"]
[PlyCount "140"]
[EventDate "2023.01.14"]
[EventType "team-tourn"]
[EventRounds "14"]
[EventCountry "ESP"]
[SourceTitle "EXT 2024"]
[Source "ChessBase"]
[SourceDate "2023.10.10"]
[SourceVersion "1"]
[SourceVersionDate "2023.10.10"]
[SourceQuality "1"]
[WhiteTeam "Circulo de Amistad XII Enero III"]
[BlackTeam "Santa Ursula Badnor"]
[WhiteTeamCountry "ESP"]
[BlackTeamCountry "ESP"]

1. e4 e5 2. f4 exf4 3. Nf3 d6 4. d4 g5 5. Bc4 g4 6. 0-0 gxf3 7. Qxf3 Qf6 8. Qf2 Nc6 9. c3 Bh6 10. Qe2 Bd7 11. Bxf4 Bxf4 12. g3 0-0-0 13. Rxf4 Qg5 14. Nd2 Nh6 15. Raf1 Bg4 16. Qg2 Qh5 17. Qf2 Rdf8 18. Rf6 Rhg8 19. Qf4 Rg6 20. Bxf7 Rxf7 21. Rxf7 Nxf7 22. Qxf7 Bd7 23. Qf8+ Nd8 24. Qe7 Re6 25. Qg7 Qh6 26. Qxh6 Rxh6 27. Rf8 Rg6 28. Nf3 Be6 29. e5 dxe5 30. Nxe5 Rg8 31. Rf1 a6 32. b3 Nc6 33. Nd3 b6 34. Nf4 Bf5 35. d5 Ne5 36. c4 Re8 37. Nh5 Bg6 38. Ng7 Re7 39. Ne6 Rf7 40. Nf4 Nd3 41. Rf3 Nxf4 42. gxf4 Re7 43. Kf2 Bh5 44. Rh3 Bg6 45. Rf3 Kd7 46. f5 Be8 47. f6 Rf7 48. Ke3 Kd6 49. Ke4 c6 50. b4 cxd5+ 51. cxd5 Bb5 52. Kd4 Ba4 53. a3 Bb3 54. Rxb3 Rxf6 55. Re3 Rf2 56. Re6+ Kc7 57. Ke5 Rxh2 58. Re7+ Kd8 59. Kd6 Rh6+ 60. Re6 Rxe6+ 61. dxe6 h5 62. e7+ Ke8 63. Kc6 h4 64. Kxb6 h3 65. Kxa6 h2 66. b5 h1Q 67. Ka7 Qa1 68. b6 Qxa3+ 69. Kb8 Kxe7 70. b7 Qa5 0-1

[Event "Tenerife-chT Segunda"]
[Site "Tenerife"]
[Date "2023.01.21"]
[Round "2.1"]
[White "Casas Medina, Cristina"]
[Black "Portero Rodriguez, Diego"]
[Result "1/2-1/2"]
[WhiteElo "1556"]
[BlackElo "1391"]
[PlyCount "55"]
[EventDate "2023.01.14"]
[EventType "team-tourn"]
[EventRounds "14"]
[EventCountry "ESP"]
[SourceTitle "EXT 2024"]
[Source "ChessBase"]
[SourceDate "2023.10.10"]
[SourceVersion "1"]
[SourceVersionDate "2023.10.10"]
[SourceQuality "1"]
[WhiteTeam "Chinaco Buenavista"]
[BlackTeam "Santa Ursula Badnor"]
[WhiteTeamCountry "ESP"]
[BlackTeamCountry "ESP"]

1. e4 e5 2. Nf3 Nf6 3. Nc3 Nc6 4. d4 exd4 5. Nxd4 Bb4 6. Nxc6 bxc6 7. Bd3 0-0 8. Bg5 h6 9. Bh4 Re8 10. f3 d6 11. a3 Ba5 12. 0-0 Be6 13. f4 Rb8 14. Qc1 Bd7 15. Rb1 Bxc3 16. bxc3 Rxb1 17. Qxb1 Qb8 18. Bxf6 gxf6 19. c4 c5 20. Re1 Qb6 21. Qa1 Qa5 22. Kf2 Qd2+ 23. Kg3 f5 24. e5 dxe5 25. Rxe5 Rxe5 26. Qxe5 Qd1 27. Qe2 Qxe2 28. Bxe2 1/2-1/2

[Event "Santa Cruz Christmas op 32nd"]
[Site "Santa Cruz"]
[Date "2022.12.28"]
[Round "8"]
[White "Garcia Lorenzo, Jaime"]
[Black "Portero Rodriguez, Diego"]
[Result "0-1"]
[WhiteElo "1210"]
[BlackElo "1390"]
[PlyCount "48"]
[EventDate "2022.12.15"]
[EventType "swiss"]
[EventRounds "9"]
[EventCountry "ESP"]
[SourceTitle "EXT 2024"]
[Source "ChessBase"]
[SourceDate "2023.10.10"]
[SourceVersion "1"]
[SourceVersionDate "2023.10.10"]
[SourceQuality "1"]

1. d4 Nf6 2. Bf4 d5 3. Nf3 e6 4. e3 Bd6 5. Bg3 0-0 6. Bd3 Re8 7. Ne5 c5 8. c3 Qc7 9. 0-0 Nbd7 10. f4 Qb6 11. dxc5 Bxc5 12. Kh1 Qxb2 13. Nd2 Bxe3 14. Be1 Bxd2 15. Bxd2 Qb6 16. Rb1 Qc7 17. Qe2 Nc5 18. Bc2 Nce4 19. Bxe4 Nxe4 20. c4 b6 21. Rbc1 Qd6 22. Nf3 Ba6 23. Qd1 Bxc4 24. Re1 Nf2+ 0-1

[Event "Santa Cruz Christmas op 32nd"]
[Site "Santa Cruz"]
[Date "2022.12.19"]
[Round "3"]
[White "Perera Gonzalez, Pablo"]
[Black "Portero Rodriguez, Diego"]
[Result "1-0"]
[WhiteElo "2125"]
[BlackElo "1390"]
[PlyCount "41"]
[EventDate "2022.12.15"]
[EventType "swiss"]
[EventRounds "9"]
[EventCountry "ESP"]
[SourceTitle "EXT 2024"]
[Source "ChessBase"]
[SourceDate "2023.10.10"]
[SourceVersion "1"]
[SourceVersionDate "2023.10.10"]
[SourceQuality "1"]

1. d4 Nf6 2. c4 e5 3. dxe5 Ng4 4. e4 Nxe5 5. f4 Nec6 6. Nf3 Bc5 7. a3 a5 8. Nc3 d6 9. Qd3 0-0 10. Be3 Bxe3 11. Qxe3 f5 12. 0-0-0 fxe4 13. Qxe4 Na6 14. Ng5 g6 15. h4 Qe8 16. Qf3 Ne7 17. Re1 Qd8 18. h5 c6 19. hxg6 hxg6 20. g4 d5 21. Rh7 1-0

[Event "Isla de Tenerife U1500 2nd"]
[Site "Puerto de la Cruz"]
[Date "2021.04.02"]
[Round "3"]
[White "Portero Rodriguez, Diego"]
[Black "De la Paz Barreto, Aaron"]
[Result "1/2-1/2"]
[WhiteElo "1428"]
[BlackElo "1071"]
[PlyCount "88"]
[EventDate "2021.04.01"]
[EventType "tourn"]
[EventRounds "7"]
[EventCountry "ESP"]
[SourceTitle "EXT 2022"]
[Source "ChessBase"]
[SourceDate "2021.10.06"]
[SourceVersion "1"]
[SourceVersionDate "2021.10.06"]
[SourceQuality "1"]

1. e4 c5 2. Nc3 a6 3. g3 b5 4. Bg2 Bb7 5. Nge2 Nf6 6. d3 b4 7. Nb1 e6 8. 0-0 Be7 9. Be3 0-0 10. f4 d5 11. Nd2 Ng4 12. Bf2 Nd7 13. exd5 Bxd5 14. Nf3 Nxf2 15. Rxf2 Nf6 16. Rf1 Ng4 17. Qd2 Qb6 18. h3 c4+ 19. d4 Nf6 20. Ne5 Bxg2 21. Kxg2 Qb7+ 22. Kh2 Rac8 23. Rab1 Nd7 24. Rfd1 f6 25. Nxd7 Qxd7 26. d5 Rfd8 27. Qe1 Rc5 28. dxe6 Qxe6 29. Rxd8+ Bxd8 30. Rd1 Ba5 31. Nd4 Qxe1 32. Rxe1 Kf7 33. b3 cxb3 34. cxb3 Rd5 35. Nf3 Rd3 36. Kg2 Bb6 37. Re2 Re3 38. Rxe3 Bxe3 39. f5 Ke7 40. Kf1 Kd6 41. Ke2 Bb6 42. Nd2 Kd5 43. Kd3 h5 44. g4 hxg4 1/2-1/2

[Event "Tenerife-chT Primera"]
[Site "Tenerife"]
[Date "2021.03.13"]
[Round "3.1"]
[White "Mamani Beltran, Daniel"]
[Black "Portero Rodriguez, Diego"]
[Result "1-0"]
[WhiteElo "1834"]
[BlackElo "1435"]
[PlyCount "51"]
[EventDate "2021.02.27"]
[EventType "team-tourn"]
[EventRounds "14"]
[EventCountry "ESP"]
[SourceTitle "EXT 2023"]
[Source "ChessBase"]
[SourceDate "2022.10.05"]
[SourceVersion "1"]
[SourceVersionDate "2022.10.05"]
[SourceQuality "1"]
[WhiteTeam "Fundacion La Caja de Canarias II"]
[BlackTeam "Santa Ursula Badnor"]
[WhiteTeamCountry "ESP"]
[BlackTeamCountry "ESP"]

1. d4 f5 2. g3 g6 3. Bg2 Bg7 4. Nh3 Nf6 5. 0-0 d6 6. Nc3 0-0 7. b3 Nc6 8. Bb2 e5 9. e3 h6 10. Nd5 Ne4 11. f3 Nf6 12. c4 exd4 13. Nxf6+ Bxf6 14. exd4 Qe7 15. Qd2 Qg7 16. Rad1 Bd7 17. Nf4 Ne7 18. Rfe1 g5 19. Nh5 Qf7 20. Nxf6+ Qxf6 21. d5 Qf7 22. h4 Ng6 23. hxg5 hxg5 24. Qxg5 Rae8 25. Kf2 b5 26. Rh1 1-0

[Event "Tenerife Norte Team Cup 2nd"]
[Site "Tenerife"]
[Date "2019.07.13"]
[Round "3.1"]
[White "Perez Perez, Gabriel"]
[Black "Portero Rodriguez, Diego"]
[Result "1-0"]
[WhiteElo "2114"]
[BlackElo "1382"]
[PlyCount "67"]
[EventDate "2019.06.29"]
[EventType "team-tourn"]
[EventRounds "10"]
[EventCountry "ESP"]
[SourceTitle "EXT 2020"]
[Source "ChessBase"]
[SourceDate "2019.10.17"]
[SourceVersion "1"]
[SourceVersionDate "2019.10.17"]
[SourceQuality "1"]
[WhiteTeam "Los Realejos Shah Mat"]
[BlackTeam "Santa Ursula Badnor"]
[WhiteTeamCountry "ESP"]
[BlackTeamCountry "ESP"]

1. e4 e5 2. Nf3 Nf6 3. Nxe5 d6 4. Nd3 Nxe4 5. Qe2 Qe7 6. Nf4 Nf6 7. d4 d5 8. c3 Bf5 9. Qxe7+ Bxe7 10. Bd3 Bxd3 11. Nxd3 Nbd7 12. Bf4 0-0-0 13. Nd2 Rde8 14. 0-0-0 h6 15. h4 Ne4 16. h5 Bd6 17. Bxd6 Nxd6 18. Nf4 Nf6 19. f3 Nf5 20. g4 Ne3 21. Rde1 Re7 22. Re2 Rhe8 23. Rhe1 Kd7 24. b3 c6 25. Nd3 Ng2 26. Rxe7+ Rxe7 27. Rg1 Nh4 28. Ne5+ Kd6 29. Rh1 Ng2 30. Nf1 Nd7 31. Ng3 Kc7 32. Nf5 Re6 33. Nxg7 Rf6 34. Ne8+ 1-0

[Event "Tenerife-chT Segunda-B 1819"]
[Site "Tenerife"]
[Date "2018.12.01"]
[Round "2.1"]
[White "Portero Rodriguez, Diego"]
[Black "Cordero Alamo, Ramon"]
[Result "1/2-1/2"]
[WhiteElo "1382"]
[BlackElo "1342"]
[PlyCount "52"]
[EventDate "2018.11.24"]
[EventType "team-tourn"]
[EventRounds "18"]
[EventCountry "ESP"]
[SourceTitle "CBM 189 Extra"]
[Source "ChessBase"]
[SourceDate "2019.05.31"]
[SourceVersion "1"]
[SourceVersionDate "2019.05.31"]
[SourceQuality "1"]
[WhiteTeam "Santa Ursula Badnor"]
[BlackTeam "Ebano Barrio Nuevo IV"]
[WhiteTeamCountry "ESP"]
[BlackTeamCountry "ESP"]

1. e4 e6 2. d4 d5 3. exd5 exd5 4. Nf3 Bd6 5. Nc3 c6 6. Bd3 Ne7 7. 0-0 0-0 8. Re1 Bf5 9. Be3 Bxd3 10. Qxd3 Nd7 11. Re2 Ng6 12. Rae1 Qc7 13. h3 Rfe8 14. Bd2 Rxe2 15. Nxe2 Re8 16. b3 Nf4 17. Nxf4 Rxe1+ 18. Nxe1 Bxf4 19. Bxf4 Qxf4 20. Qe3 Qxe3 21. fxe3 Kf8 22. Kf2 Ke7 23. c4 dxc4 24. bxc4 b6 25. Kf3 Ke6 26. Kf4 f5 1/2-1/2

[Event "Puerto del Rosario op U2300 "]
[Site "Puerto del Rosario"]
[Date "2018.09.28"]
[Round "3"]
[White "Portero Rodriguez, Diego"]
[Black "Guillermo Gonzalez, Alvaro"]
[Result "0-1"]
[WhiteElo "1370"]
[BlackElo "1877"]
[PlyCount "46"]
[EventDate "2018.09.27"]
[EventType "swiss"]
[EventRounds "7"]
[EventCountry "ESP"]
[SourceTitle "CBM 187 Extra"]
[Source "ChessBase"]
[SourceDate "2018.11.04"]
[SourceVersion "1"]
[SourceVersionDate "2018.11.04"]
[SourceQuality "1"]

1. Nf3 Nf6 2. b3 g6 3. Bb2 Bg7 4. g3 d6 5. d3 0-0 6. Bg2 e5 7. e4 Nc6 8. Nbd2 Ne8 9. 0-0 f5 10. c4 a5 11. a3 Nf6 12. Re1 Nd7 13. Nf1 Nc5 14. Bc3 a4 15. b4 Nb3 16. Rb1 f4 17. N1d2 fxg3 18. hxg3 Bg4 19. Nf1 Ncd4 20. N1h2 Bxf3 21. Nxf3 Qf6 22. Rxb3 Nxf3+ 23. Qxf3 axb3 0-1

[Event "Puerto del Rosario op U2300 "]
[Site "Puerto del Rosario"]
[Date "2018.09.27"]
[Round "1"]
[White "Portero Rodriguez, Diego"]
[Black "Kleifges, Matthias"]
[Result "0-1"]
[WhiteElo "1370"]
[BlackElo "2063"]
[PlyCount "28"]
[EventDate "2018.09.27"]
[EventType "swiss"]
[EventRounds "7"]
[EventCountry "ESP"]
[SourceTitle "CBM 187 Extra"]
[Source "ChessBase"]
[SourceDate "2018.11.04"]
[SourceVersion "1"]
[SourceVersionDate "2018.11.04"]
[SourceQuality "1"]

1. e4 e6 2. d4 d5 3. exd5 exd5 4. Nf3 Bd6 5. Nc3 c6 6. Bd3 Bg4 7. h3 Bh5 8. 0-0 Nd7 9. Re1+ Ne7 10. Be3 f5 11. Qe2 Nf6 12. Bg5 Ne4 13. Qe3 0-0 14. Be2 Qc7 0-1

[Event "Tenerife-chT3 1718"]
[Site "Tenerife"]
[Date "2018.04.21"]
[Round "16.1"]
[White "Herranz Majano, Elsa"]
[Black "Portero Rodriguez, Diego"]
[Result "0-1"]
[WhiteElo "1474"]
[BlackElo "1356"]
[PlyCount "48"]
[EventDate "2017.11.11"]
[EventType "team-tourn"]
[EventRounds "18"]
[EventCountry "ESP"]
[SourceTitle "EXT 2021"]
[Source "ChessBase"]
[SourceDate "2020.10.23"]
[SourceVersion "1"]
[SourceVersionDate "2020.10.23"]
[SourceQuality "1"]
[WhiteTeam "Escaque A2 Colegio Aleman"]
[BlackTeam "Santa Ursula Badnor"]
[WhiteTeamCountry "ESP"]
[BlackTeamCountry "ESP"]

1. e4 c5 2. Nf3 d6 3. d4 cxd4 4. Bc4 Nf6 5. Ng5 e6 6. Bb5+ Nbd7 7. 0-0 h6 8. Nxf7 Kxf7 9. Nd2 Be7 10. Bc4 Ne5 11. Be2 Re8 12. Re1 Kg8 13. f4 Nc6 14. e5 dxe5 15. g3 exf4 16. gxf4 Bc5 17. Bd3 Qc7 18. a3 Bd6 19. Bc4 Bxf4 20. Re2 Ng4 21. h3 Be3+ 22. Kf1 Qf4+ 23. Ke1 Qg3+ 24. Kf1 Qg1# 0-1

[Event "Tenerife-chT3 1718"]
[Site "Tenerife"]
[Date "2018.04.14"]
[Round "15.1"]
[White "Portero Rodriguez, Diego"]
[Black "Sole Violan, Carlos Enrique"]
[Result "1-0"]
[WhiteElo "1356"]
[BlackElo "1430"]
[PlyCount "92"]
[EventDate "2017.11.11"]
[EventType "team-tourn"]
[EventRounds "18"]
[EventCountry "ESP"]
[SourceTitle "EXT 2021"]
[Source "ChessBase"]
[SourceDate "2020.10.23"]
[SourceVersion "1"]
[SourceVersionDate "2020.10.23"]
[SourceQuality "1"]
[WhiteTeam "Santa Ursula Badnor"]
[BlackTeam "Circulo de Amistad XII Enero III"]
[WhiteTeamCountry "ESP"]
[BlackTeamCountry "ESP"]

1. e4 c5 2. Nf3 d6 3. Bb5+ Bd7 4. Bxd7+ Nxd7 5. 0-0 Ngf6 6. Nc3 g6 7. d3 Bg7 8. Bg5 0-0 9. Qd2 Ng4 10. h3 Ngf6 11. Bh6 a6 12. Bxg7 Kxg7 13. a4 e6 14. Rad1 Qb6 15. b3 Qc6 16. Rfe1 Rac8 17. e5 dxe5 18. Nxe5 Nxe5 19. Rxe5 Nd7 20. Ree1 b5 21. axb5 axb5 22. Ne4 Qd5 23. Qc3+ Qd4 24. Qxd4+ cxd4 25. Rc1 b4 26. Nd6 Rc6 27. Nc4 Ra8 28. Ra1 Rca6 29. Rxa6 Rxa6 30. Re4 e5 31. Nxe5 Ra1+ 32. Kh2 f5 33. Re2 Nxe5 34. Rxe5 Rc1 35. Rc5 f4 36. f3 h6 37. Rc4 Kf6 38. Rxd4 g5 39. Rxb4 Rxc2 40. Rb6+ Ke5 41. Rxh6 Rc3 42. Rh5 Kf6 43. h4 gxh4 44. Rxh4 Kg5 45. g3 Rxb3 46. Rxf4 Rxd3 1-0

[Event "Tenerife-chT3 1718"]
[Site "Tenerife"]
[Date "2018.02.24"]
[Round "10.1"]
[White "Portero Rodriguez, Diego"]
[Black "Ferrer Rodriguez, Daniel"]
[Result "0-1"]
[WhiteElo "1356"]
[BlackElo "1326"]
[PlyCount "68"]
[EventDate "2017.11.11"]
[EventType "team-tourn"]
[EventRounds "18"]
[EventCountry "ESP"]
[SourceTitle "EXT 2019"]
[Source "ChessBase"]
[SourceDate "2018.10.10"]
[SourceVersion "1"]
[SourceVersionDate "2018.10.10"]
[SourceQuality "1"]
[WhiteTeam "Santa Ursula Badnor"]
[BlackTeam "Ebano Casa Venezuela IV"]
[WhiteTeamCountry "ESP"]
[BlackTeamCountry "ESP"]

1. e4 e5 2. Nf3 Nc6 3. Bb5 Bc5 4. 0-0 d6 5. c3 Nf6 6. Re1 Bg4 7. d3 a6 8. Ba4 0-0 9. Bg5 h6 10. Be3 Bxe3 11. Rxe3 b5 12. Bb3 Nh7 13. Nbd2 Na5 14. Bc2 Ng5 15. h3 Nxf3+ 16. Nxf3 Bh5 17. d4 Nc4 18. Re1 Nxb2 19. Qe2 Re8 20. Rab1 Nc4 21. a4 Bxf3 22. Qxf3 Nd2 23. Qf5 Nxb1 24. Rxb1 Rb8 25. axb5 Rxb5 26. Ra1 exd4 27. Qf3 dxc3 28. Ba4 Ra5 29. Qxc3 Rxe4 30. Qxa5 Qc8 31. Bc2 Rc4 32. Bd3 Rc6 33. Bxa6 Qa8 34. Bb5 Rc1+ 0-1

[Event "Tenerife-chT Segunda 1617"]
[Site "Tenerife"]
[Date "2017.04.01"]
[Round "11.1"]
[White "Marconi Saltari, Carlos Alberto"]
[Black "Portero Rodriguez, Diego"]
[Result "0-1"]
[WhiteElo "1296"]
[BlackElo "1341"]
[PlyCount "82"]
[EventDate "2016.12.10"]
[EventType "team-tourn"]
[EventRounds "15"]
[EventCountry "ESP"]
[SourceTitle "EXT 2018"]
[Source "ChessBase"]
[SourceDate "2017.10.13"]
[SourceVersion "1"]
[SourceVersionDate "2017.10.13"]
[SourceQuality "1"]
[WhiteTeam "La Victoria 94 II"]
[BlackTeam "Al Shah Mat Los Realejos III"]
[WhiteTeamCountry "ESP"]
[BlackTeamCountry "ESP"]

1. e4 e5 2. Nf3 Nc6 3. Bc4 Bc5 4. d3 Nf6 5. Ng5 0-0 6. 0-0 d5 7. exd5 Nxd5 8. Ne4 Bb6 9. Re1 Be6 10. Be3 Nxe3 11. fxe3 Bxc4 12. dxc4 Qxd1 13. Rxd1 Bxe3+ 14. Kf1 Nd4 15. Na3 f5 16. Nf2 Rad8 17. c3 Nc6 18. Nc2 Bb6 19. Nb4 Nxb4 20. cxb4 Bd4 21. Rab1 Rf6 22. Nd3 Rfd6 23. c5 Bxc5 24. Ke2 Bd4 25. b3 e4 26. Nf4 Be5 27. Rxd6 Rxd6 28. Rf1 Bc3 29. Rc1 Bxb4 30. Rxc7 Rd2+ 31. Kf1 Bd6 32. Rc8+ Kf7 33. Ne2 Bxh2 34. a4 Rb2 35. Rc3 Kf6 36. Rh3 Be5 37. Ke1 f4 38. Nc1 Rxg2 39. Rxh7 Rg1+ 40. Kd2 f3 41. Rh4 f2 0-1

[Event "Tenerife-chT Segunda 1617"]
[Site "Tenerife"]
[Date "2017.03.25"]
[Round "10.1"]
[White "Portero Rodriguez, Diego"]
[Black "Figueroa Pahissa, Tito Javier"]
[Result "1-0"]
[WhiteElo "1341"]
[BlackElo "1603"]
[PlyCount "54"]
[EventDate "2016.12.10"]
[EventType "team-tourn"]
[EventRounds "15"]
[EventCountry "ESP"]
[SourceTitle "EXT 2018"]
[Source "ChessBase"]
[SourceDate "2017.10.13"]
[SourceVersion "1"]
[SourceVersionDate "2017.10.13"]
[SourceQuality "1"]
[WhiteTeam "Al Shah Mat Los Realejos III"]
[BlackTeam "Casa de Venezuela Ebano IV"]
[WhiteTeamCountry "ESP"]
[BlackTeamCountry "ESP"]

1. e4 d6 2. d4 Nf6 3. Nc3 g6 4. Bg5 Bg7 5. Nf3 0-0 6. Qd2 c6 7. Bh6 Nbd7 8. Bxg7 Kxg7 9. Bd3 e5 10. 0-0 Re8 11. Rfe1 b5 12. d5 b4 13. Ne2 c5 14. a3 a5 15. axb4 cxb4 16. c3 b3 17. Nc1 Nc5 18. Ra3 Qb6 19. h3 Bd7 20. Qe3 Reb8 21. Nd2 a4 22. Nc4 Bb5 23. Qf3 Bd7 24. Bf1 Rf8 25. Nd3 Rfc8 26. Nxc5 Qxc5 27. Qe3 Qc7 1-0

[Event "Tenerife-chT Segunda 1516"]
[Site "Tenerife"]
[Date "2016.04.02"]
[Round "11.2"]
[White "Colichon Rebryck, Carlos Alexei"]
[Black "Portero Rodriguez, Diego"]
[Result "1-0"]
[WhiteElo "1645"]
[BlackElo "1320"]
[PlyCount "51"]
[EventDate "2015.12.12"]
[EventType "team-tourn"]
[EventRounds "15"]
[EventCountry "ESP"]
[SourceTitle "EXT 2017"]
[Source "ChessBase"]
[SourceDate "2016.10.25"]
[SourceVersion "1"]
[SourceVersionDate "2016.10.25"]
[SourceQuality "1"]
[WhiteTeam "Los Piratas"]
[BlackTeam "Al Shah Mat Los Realejos III"]
[WhiteTeamCountry "ESP"]
[BlackTeamCountry "ESP"]

1. e4 c5 2. Nf3 Nc6 3. d4 cxd4 4. Nxd4 e5 5. Nb5 d6 6. Be3 a6 7. N5a3 Nf6 8. f3 Be7 9. c4 0-0 10. Nc3 Bd7 11. Qd2 Qa5 12. Be2 Rfd8 13. g4 Ne8 14. h4 h6 15. Bxh6 gxh6 16. Qxh6 Nd4 17. Kf2 Nxe2 18. Nd5 Bf8 19. Qg5+ Kh8 20. Kxe2 Be6 21. Nc2 Bxd5 22. exd5 b5 23. Ne3 Ng7 24. Qf6 bxc4 25. h5 Kg8 26. h6 1-0